Diccionari catalá-valenciá balear... / (Record no. 21893)

MARC details
000 -LEADER
campo de control de longitud fija 00756nam a2200217 i 4500
001 - NÚMERO DE CONTROL
campo de control 21893
003 - IDENTIFICADOR DE NÚMERO DE CONTROL
campo de control ES-MaACL
005 - FECHA Y HORA DE LA ÚLTIMA TRANSACCIÓN
campo de control 20260301063011.0
007 - CAMPO FIJO DE DESCRIPCIÓN FÍSICA--INFORMACIÓN GENERAL
campo de control de longitud fija t|
008 - DATOS DE LONGITUD FIJA--INFORMACIÓN GENERAL
campo de control de longitud fija 021128s1968 sp ||||1| cat d
100 1# - ENTRADA PRINCIPAL--NOMBRE DE PERSONA
Nombre de persona Alcover, Antoni Maria,
Fechas asociadas al nombre 1862-1932
9 (RLIN) 19584
245 10 - MENCIÓN DEL TÍTULO
Título Diccionari catalá-valenciá balear... /
Mención de responsabilidad, etc. per Antonio Mª Alcover ; dibuixos de Josep Moll i Francesc de B. Moll.
250 ## - MENCION DE EDICION
Mención de edición 2ª ed., corr. i posada al dia.
260 ## - PUBLICACIÓN, DISTRIBUCIÓN, ETC.
Lugar de publicación, distribución, etc. Palma de Mallorca :
Nombre del editor, distribuidor, etc. [Moll],
Fecha de publicación, distribución, etc. 1968-
300 ## - DESCRIPCIÓN FÍSICA
Extensión 1 v. :
Otras características físicas il. ;
Dimensiones 19 cm.
505 8# - NOTA DE CONTENIDO CON FORMATO
Nota de contenido con formato Contiene: T. I. A-arq.
650 #4 - PUNTO DE ACCESO ADICIONAL DE MATERIA--TÉRMINO DE MATERIA
Término de materia o nombre geográfico como elemento de entrada Lengua catalana-
Subdivisión de forma Diccionarios.
9 (RLIN) 14102
700 1# - ENTRADA AGREGADA--NOMBRE PERSONAL
Nombre de persona Moll, Francesc de B. (
Fechas asociadas al nombre 1903-1991)
9 (RLIN) 82033
852 ## - LOCALIZACIÓN
Ubicación ES-MaACL
Número de control de estantería P-1357
Sublocalización o colección R.66705
Holdings
Estatus retirado Estado de pérdida Estado de daño No para préstamo Biblioteca de origen Biblioteca actual Ubicación en estantería Fecha de adquisición Fuente de adquisición Total de préstamos Signatura topográfica completa Código de barras Visto por última vez Precio de reemplazo Tipo de ítem Koha
        Biblioteca del Ateneo de Madrid Biblioteca del Ateneo de Madrid Depósito 2 17/01/2008     P-1357 1022500 23/02/2023 23/02/2023 Libro impreso